[Event "Titled Tuesday intern op 24th Sep Early"]
[Site "Chess.com INT"]
[Date "2024.09.24"]
[Round "6"]
[White "Mitrovic, Darko R"]
[Black "Kochiev, Ivan"]
[Result "1/2-1/2"]
[WhiteElo "2227"]
[BlackElo "2074"]
[PlyCount "108"]
[EventDate "2024.09.24"]
[EventType "swiss (blitz)"]
[EventRounds "11"]
[EventCountry "USA"]
[SourceTitle "EXT 2025"]
[Source "ChessBase"]
[SourceDate "2024.10.14"]
[SourceVersion "1"]
[SourceVersionDate "2024.10.14"]
[SourceQuality "1"]

1. d4 Nf6 2. Nf3 e6 3. g3 c5 4. Bg2 d5 5. 0-0 Bd6 6. c4 0-0 7. dxc5 Bxc5 8. cxd5 Nxd5 9. e4 Nf6 10. Qe2 Nc6 11. Nc3 b6 12. Bg5 h6 13. Rad1 Qe7 14. Bh4 g5 15. Nxg5 hxg5 16. Bxg5 e5 17. Nd5 Nxd5 18. Bxe7 Ndxe7 19. a3 a5 20. Rc1 Be6 21. Rxc5 bxc5 22. Qh5 f6 23. Bh3 Bf7 24. Qh6 Bg6 25. Be6+ Bf7 26. Qxf6 Nd4 27. Qxe7 Nxe6 28. Qd6 Nd4 29. Qxc5 Rfc8 30. Qe7 Rab8 31. Kg2 Rxb2 32. Qxe5 Rc4 33. Rd1 Ne6 34. Rd6 Rcc2 35. Rxe6 Rxf2+ 36. Kh3 Rxh2+ 37. Kg4 Bxe6+ 38. Qxe6+ Kg7 39. Qe7+ Kg6 40. Qe6+ Kg7 41. Qe5+ Kf7 42. Qxa5 Rhe2 43. Qd5+ Kg7 44. e5 Rb1 45. Qd7+ Kg8 46. e6 Rbe1 47. Qf7+ Kh8 48. Qf6+ Kg8 49. Qf7+ Kh8 50. Qf6+ Kh7 51. Qf7+ Kh6 52. Qf6+ Kh7 53. Qf7+ Kh6 54. Qf6+ Kh7 1/2-1/2

[Event "Titled Tuesday intern op 10th Sep Early"]
[Site "Chess,com INT"]
[Date "2024.09.10"]
[Round "1"]
[White "Kochiev, Ivan"]
[Black "Robson, Ray"]
[Result "0-1"]
[WhiteElo "2074"]
[BlackElo "2700"]
[PlyCount "58"]
[EventDate "2024.09.10"]
[EventType "swiss (blitz)"]
[EventRounds "11"]
[EventCountry "USA"]
[SourceTitle "EXT 2025"]
[Source "ChessBase"]
[SourceDate "2024.10.14"]
[SourceVersion "1"]
[SourceVersionDate "2024.10.14"]
[SourceQuality "1"]

1. e4 c5 2. Nf3 d6 3. d4 cxd4 4. Nxd4 Nf6 5. f3 e5 6. Nb3 a5 7. a4 Be7 8. c4 0-0 9. Nc3 Nc6 10. Be3 Nh5 11. Qd2 Be6 12. Be2 h6 13. 0-0 Bg5 14. Rfd1 Bxe3+ 15. Qxe3 Qe7 16. Rac1 Nf4 17. Kh1 f5 18. g3 Nxe2 19. Qxe2 Rad8 20. Nd5 Qf7 21. Kg2 h5 22. c5 dxc5 23. Rxc5 h4 24. Nxa5 fxe4 25. Qxe4 h3+ 26. Kg1 Nd4 27. Nc3 Nxf3+ 28. Kh1 Rxd1+ 29. Nxd1 Nd2 0-1

[Event "Titled Tuesday intern op 03rd Sep Late"]
[Site "Chess.com INT"]
[Date "2024.09.03"]
[Round "1"]
[White "Kochiev, Ivan"]
[Black "Nepomniachtchi, Ian"]
[Result "0-1"]
[WhiteElo "2074"]
[BlackElo "2755"]
[PlyCount "40"]
[EventDate "2024.09.03"]
[EventType "swiss (blitz)"]
[EventRounds "11"]
[EventCountry "USA"]
[SourceTitle "EXT 2025"]
[Source "ChessBase"]
[SourceDate "2024.10.14"]
[SourceVersion "1"]
[SourceVersionDate "2024.10.14"]
[SourceQuality "1"]

1. e4 c5 2. Nf3 d6 3. d4 cxd4 4. Nxd4 Nf6 5. f3 e5 6. Nb3 d5 7. Bg5 Be6 8. Bxf6 gxf6 9. exd5 Qxd5 10. Qxd5 Bxd5 11. Nc3 Be6 12. 0-0-0 Nc6 13. Bb5 a6 14. Bxc6+ bxc6 15. Ne4 f5 16. Nec5 Ke7 17. Na5 Rc8 18. Rhe1 Kf6 19. Nd7+ Bxd7 20. Rxd7 Bb4 0-1

[Event "Titled Tuesday intern op 03rd Sep Late"]
[Site "Chess.com INT"]
[Date "2024.09.03"]
[Round "4"]
[White "Kochiev, Ivan"]
[Black "Okike, David"]
[Result "1-0"]
[WhiteElo "2074"]
[BlackElo "2165"]
[PlyCount "165"]
[EventDate "2024.09.03"]
[EventType "swiss (blitz)"]
[EventRounds "11"]
[EventCountry "USA"]
[SourceTitle "EXT 2025"]
[Source "ChessBase"]
[SourceDate "2024.10.14"]
[SourceVersion "1"]
[SourceVersionDate "2024.10.14"]
[SourceQuality "1"]

1. e4 c5 2. d4 cxd4 3. c3 Nf6 4. e5 Nd5 5. Nf3 Nc6 6. Bc4 Nb6 7. Bb3 d5 8. cxd4 e6 9. h4 Be7 10. a3 Bd7 11. Rh3 h6 12. Bc2 Rc8 13. Rg3 Bf8 14. Nc3 a6 15. b3 Na7 16. Bb2 Qc7 17. Rc1 Nb5 18. Nxb5 Bxb5 19. a4 Bd7 20. Kf1 Qd8 21. Kg1 Qe7 22. h5 Rc6 23. Nh2 Qh4 24. Rh3 Qe7 25. f4 Na8 26. Rc3 Nc7 27. Bd3 Qb4 28. Nf3 Rxc3 29. Bxc3 Qb6 30. a5 Qa7 31. Be1 Qb8 32. Qc2 Na8 33. Bh4 Bb4 34. f5 Bxa5 35. fxe6 Bxe6 36. Bf5 Nc7 37. Bxe6 Nxe6 38. Qc8+ Qxc8 39. Rxc8+ Bd8 40. Rb8 b6 41. Bxd8 Nxd8 42. Rxb6 Ne6 43. Rb8+ Nd8 44. Ra8 0-0 45. Rxa6 Ne6 46. Rd6 Rb8 47. Rxd5 Rxb3 48. Ra5 Rb2 49. d5 Nf4 50. d6 Rxg2+ 51. Kf1 Rb2 52. d7 Ne6 53. Ra8+ Kh7 54. d8Q Nxd8 55. Rxd8 Rc2 56. Rd5 Kg8 57. Rd8+ Kh7 58. Rd7 g5 59. Rxf7+ Kg8 60. Rf6 Kg7 61. Rg6+ Kh7 62. e6 Rc7 63. Nd4 Rc4 64. Nb5 Rh4 65. e7 Re4 66. Nd6 Rxe7 67. Nf5 Rf7 68. Rxh6+ Kg8 69. Rg6+ Kh7 70. Rh6+ Kg8 71. Rg6+ Kh7 72. Rxg5 Rf8 73. Kg2 Ra8 74. Kg3 Ra3+ 75. Kh4 Ra4+ 76. Rg4 Ra1 77. Ne3 Ra5 78. Rg5 Ra4+ 79. Ng4 Rb4 80. Kg3 Ra4 81. Kf3 Rb4 82. Nf6+ Kh8 83. Rg8# 1-0

[Event "Titled Tuesday intern op 03rd Sep Late"]
[Site "Chess.com INT"]
[Date "2024.09.03"]
[Round "5"]
[White "Sala, Giulia"]
[Black "Kochiev, Ivan"]
[Result "1-0"]
[WhiteElo "2115"]
[BlackElo "2074"]
[PlyCount "65"]
[EventDate "2024.09.03"]
[EventType "swiss (blitz)"]
[EventRounds "11"]
[EventCountry "USA"]
[SourceTitle "EXT 2025"]
[Source "ChessBase"]
[SourceDate "2024.10.14"]
[SourceVersion "1"]
[SourceVersionDate "2024.10.14"]
[SourceQuality "1"]

1. e4 e5 2. c3 f5 3. exf5 d5 4. Qc2 Nf6 5. Ne2 e4 6. Ng3 h5 7. h4 Bd6 8. Rh3 0-0 9. d3 Bxg3 10. Rxg3 Bxf5 11. dxe4 Re8 12. Re3 Bxe4 13. Qd1 Ng4 14. Be2 Nxe3 15. Bxe3 Qxh4 16. Kd2 Bg6 17. Na3 Nc6 18. Qb3 Ne5 19. Rd1 Rad8 20. Kc1 b6 21. Nb5 Bf7 22. Qa3 c5 23. Qxa7 d4 24. cxd4 cxd4 25. Bxd4 Rc8+ 26. Kb1 Qe4+ 27. Bd3 Nxd3 28. Nd6 Qxd4 29. Qxf7+ Kh7 30. Qxh5+ Kg8 31. Qf7+ Kh7 32. Rh1+ Qh4 33. Rxh4# 1-0

[Event "Titled Tuesday intern op 27th Aug Late"]
[Site "Chess.com INT"]
[Date "2024.08.27"]
[Round "2"]
[White "Kacharava, Nikoloz"]
[Black "Kochiev, Ivan"]
[Result "0-1"]
[WhiteElo "2522"]
[BlackElo "2074"]
[PlyCount "108"]
[EventDate "2024.08.27"]
[EventType "swiss (blitz)"]
[EventRounds "11"]
[EventCountry "USA"]
[SourceTitle "EXT 2025"]
[Source "ChessBase"]
[SourceDate "2024.10.14"]
[SourceVersion "1"]
[SourceVersionDate "2024.10.14"]
[SourceQuality "1"]

1. c4 Nf6 2. g3 e6 3. Bg2 c5 4. Nf3 Be7 5. Nc3 Nc6 6. 0-0 0-0 7. d4 cxd4 8. Nxd4 a6 9. e4 Qc7 10. b3 d6 11. Bb2 Bd7 12. Rc1 Nxd4 13. Qxd4 Rac8 14. h3 Qb8 15. g4 h6 16. Qd2 b5 17. cxb5 axb5 18. g5 hxg5 19. Qxg5 b4 20. Ne2 Qb5 21. Qe3 Qa5 22. Nd4 Qxa2 23. Qd2 Qa5 24. Ra1 Qb6 25. Kh2 Rc5 26. Rg1 Rh5 27. Bf3 Rh7 28. Rg3 d5 29. e5 Ne4 30. Bxe4 dxe4 31. Rag1 Rc8 32. Nf5 exf5 33. Qxd7 Qd8 34. e6 Qxd7 35. exd7 Rd8 36. Bxg7 f6 37. Bxf6+ Kf7 38. Be5 Ke6 39. Bf4 Rxd7 40. Rg6+ Kf7 41. Rc6 Rg7 42. Rxg7+ Kxg7 43. Be5+ Kf7 44. Rc4 Rd3 45. Rc7 Ke6 46. Bf4 Rxb3 47. Rb7 Rf3 48. Be3 Bd6+ 49. Kg2 f4 50. Bd4 Rd3 51. Ba7 b3 52. Rb5 Rd5 53. Rxb3 Kf5 54. Rb7 f3+ 0-1

[Event "Titled Tuesday intern op 27th Aug Late"]
[Site "Chess.com INT"]
[Date "2024.08.27"]
[Round "6"]
[White "Kochiev, Ivan"]
[Black "Harshavardhan, GB."]
[Result "0-1"]
[WhiteElo "2074"]
[BlackElo "2401"]
[PlyCount "62"]
[EventDate "2024.08.27"]
[EventType "swiss (blitz)"]
[EventRounds "11"]
[EventCountry "USA"]
[SourceTitle "EXT 2025"]
[Source "ChessBase"]
[SourceDate "2024.10.14"]
[SourceVersion "1"]
[SourceVersionDate "2024.10.14"]
[SourceQuality "1"]

1. e4 e5 2. Nf3 Nc6 3. Bc4 Nf6 4. d3 Be7 5. c3 0-0 6. 0-0 d5 7. exd5 Nxd5 8. h3 Nb6 9. Bb5 f6 10. Re1 Kh8 11. Nbd2 Bf5 12. Bxc6 bxc6 13. d4 exd4 14. Nxd4 Bd7 15. Qf3 Bd6 16. Nxc6 Qc8 17. Nb3 Re8 18. Be3 Nc4 19. Re2 Nxe3 20. Rxe3 Rxe3 21. fxe3 Qe8 22. Ncd4 c5 23. Ne2 Bc6 24. Qf2 Qe5 25. Rd1 Qh2+ 26. Kf1 Re8 27. Nf4 Bxf4 28. exf4 Qh1+ 29. Qg1 Bxg2+ 30. Kf2 Qxh3 31. Qxg2 Re2+ 0-1

[Event "Titled Tuesday intern op 27th Aug Late"]
[Site "Chess.com INT"]
[Date "2024.08.27"]
[Round "7"]
[White "Zampronha, Wladimir Camilo"]
[Black "Kochiev, Ivan"]
[Result "1-0"]
[WhiteElo "2119"]
[BlackElo "2074"]
[PlyCount "75"]
[EventDate "2024.08.27"]
[EventType "swiss (blitz)"]
[EventRounds "11"]
[EventCountry "USA"]
[SourceTitle "EXT 2025"]
[Source "ChessBase"]
[SourceDate "2024.10.14"]
[SourceVersion "1"]
[SourceVersionDate "2024.10.14"]
[SourceQuality "1"]

1. e4 d5 2. exd5 Qxd5 3. Nc3 Qa5 4. d4 c6 5. Bc4 Nf6 6. Nf3 Bf5 7. Qe2 e6 8. Bd2 Qc7 9. 0-0-0 Nbd7 10. Ne5 Nb6 11. Bb3 h5 12. h3 h4 13. g4 hxg3 14. fxg3 Rxh3 15. Rxh3 Bxh3 16. g4 0-0-0 17. Bg5 Bd6 18. Qf3 Bxe5 19. dxe5 Rxd1+ 20. Nxd1 Bxg4 21. Qf4 Bxd1 22. exf6 gxf6 23. Qxf6 Bg4 24. Qh8+ Kd7 25. Qf8 Qd6 26. Qxf7+ Kc8 27. Bf4 e5 28. Qe8+ Qd8 29. Qxe5 Nd5 30. Qb8+ Kd7 31. Qxb7+ Nc7 32. Qxa7 Bf3 33. a4 Qc8 34. a5 Qd8 35. Bc4 Qc8 36. b4 Qd8 37. c3 Qc8 38. Kb2 1-0

[Event "Titled Tuesday intern op 20th Aug Late"]
[Site "Chess.com INT"]
[Date "2024.08.20"]
[Round "2"]
[White "Brancaleoni, Maurizio"]
[Black "Kochiev, Ivan"]
[Result "0-1"]
[WhiteElo "2180"]
[BlackElo "2074"]
[PlyCount "74"]
[EventDate "2024.08.20"]
[EventType "swiss (blitz)"]
[EventRounds "11"]
[EventCountry "USA"]
[SourceTitle "EXT 2025"]
[Source "ChessBase"]
[SourceDate "2024.10.14"]
[SourceVersion "1"]
[SourceVersionDate "2024.10.14"]
[SourceQuality "1"]

1. Nf3 Nf6 2. c4 c5 3. g3 b6 4. Bg2 Bb7 5. 0-0 e6 6. Nc3 Be7 7. d4 cxd4 8. Qxd4 Nc6 9. Qf4 0-0 10. Rd1 Rc8 11. b3 d6 12. Bb2 Qd7 13. Ng5 Rfd8 14. Nce4 e5 15. Nxf6+ gxf6 16. Qh4 fxg5 17. Qh5 f5 18. Bd5+ Kh8 19. f4 gxf4 20. gxf4 Qe8 21. Qxf5 Qg6+ 22. Qxg6 hxg6 23. Bxc6 Bxc6 24. fxe5 dxe5 25. Bxe5+ Kg8 26. Kf2 Kf7 27. Kg3 Ke6 28. Bc3 Bd6+ 29. Kg4 Bxh2 30. Rd2 Rxd2 31. Bxd2 Rd8 32. Bc3 Be5 33. Bb4 Rd4+ 34. Kg5 Bf6+ 35. Kxg6 Be8+ 36. Kh7 Rh4+ 37. Kg8 Rh8# 0-1